000 01512nam a22002417a 4500
999 _c60466
_d60466
003 Ge_BSU
005 20230724171605.0
008 230724s2019ge xxu||||| |||| 00| 0 geo d
020 _a9789941462887
041 _ageo
080 _a634.8+663.8 ვ-18
100 _aვანიძე, მაია, ავტორი.
_919515
245 _aღვინისა და თაფლის ანალიზის საერთაშორისო მეთოდები /
_c მაია ვანიძე, ალეკო კალანდია, ინდირა ჯაფარიძე ; რედაქტორი: არმაზ შალაშვილი.
264 _aბათუმი :
_bბათუმის შოთა რუსთაველის სახელმწიფო უნივერსიტეტი,
_c2019.
300 _a72 გვ.:
_b19 სმ.
653 _aღვინისა და თაფლის ანალიზის საერთაშორისო მეთოდები
653 _aსოფლის მეურნეობა
700 _aვანიძე, მაია [და სხვ]
_919516
700 _aშალაშვილი, არმაზ
_eრედაქტორი
_919514
773 _tნაჩუქარი
856 _uhttps://dspace.nplg.gov.ge/bitstream/1234/327562/5/GhvinisaDaTaflisAnalizisSaertashorisoMetodebi.pdf
_yელექტრონული ვერსია
942 _2udc
_cBK